|
|
|
|
| LEADER |
00000nas a2200000 4500 |
| 001 |
vtls012280642 |
| 003 |
SK-MaSNL |
| 005 |
20260425194045.0 |
| 008 |
250731d17711791gw x p 000 b0ger |
| 015 |
|
|
|a SNBHFB
|
| 040 |
|
|
|a SNKHF
|b slo
|c SNKHF
|e rda
|
| 041 |
0 |
|
|a ger
|
| 044 |
|
|
|a gw
|a pl
|c DE
|c PL
|
| 072 |
|
7 |
|a 101
|x Filozofia
|2 konspekt
|
| 072 |
|
7 |
|a 93/94
|x Dejiny (všeobecne)
|2 konspekt
|
| 072 |
|
7 |
|a 2-1
|x Prirodzená teológia. Náboženská filozofia
|2 konspekt
|
| 080 |
|
|
|a (051)-048.55
|2 2011
|
| 080 |
|
|
|a 101
|2 2011
|
| 080 |
|
|
|a 93/94
|2 2011
|
| 080 |
|
|
|a 2-1
|2 2011
|
| 245 |
0 |
0 |
|a Anhang zu dem ... bis ... Bande der Allgemeinen deutschen Bibliothek
|
| 264 |
|
1 |
|a Berlin
|a Stettin
|b verlegts Friedrich Nicolai
|c 1771, 1777, 1780, [1783], 1785, 1791
|
| 300 |
|
|
|a 23 cm
|
| 310 |
|
|
|a Vychádza nepravidelne
|
| 336 |
|
|
|a text
|b txt
|2 rdacontent
|
| 337 |
|
|
|a bez média
|b n
|2 rdamedia
|
| 338 |
|
|
|a zväzok
|b nc
|2 rdacarrierr
|
| 362 |
0 |
|
|a Rok 1771, 1777, 1780, [1783], 1785, 1791 $z www.ds.ub.uni-bielefeld.de/2017
|
| 500 |
|
|
|a Súčasťou názvu sú čísla zväzkov
|
| 508 |
|
|
|a Predslov v prvom čísle roku
|
| 525 |
|
|
|a Je prílohou k: Allgemeine deutsche Bibliothek
|
| 546 |
|
|
|a Nemčina
|b Fraktúra
|
| 561 |
|
|
|a Proveniencia: pečiatka Dr. E. Kadarász - ver. not. poz. Margity Zayovej Čís. 12822.
|5 SNK ČC 4478/1771
|
| 561 |
|
|
|a Proveniencia: pečiatka Dr. E. Kadarász - ver. not. poz. Margity Zayovej Čís. 12836-12838.
|5 SNK ČC 4478/1777
|
| 561 |
|
|
|a Proveniencia: pečiatka Dr. E. Kadarász - ver. not. poz. Margity Zayovej Čís. 12851-12856.
|5 SNK ČC 4478/1780
|
| 561 |
|
|
|a Proveniencia: pečiatka Dr. E. Kadarász - ver. not. poz. Margity Zayovej Čís. 12876-12879.
|5 SNK ČC 4478/1785
|
| 561 |
|
|
|a Proveniencia: pečiatka Dr. E. Kadarász - ver. not. poz. Margity Zayovej Čís. 12919-12924.
|5 SNK ČC 4478/1791
|
| 562 |
|
|
|a Rukopisné poznámky.
|5 SNK ČC 4478
|
| 650 |
0 |
7 |
|a filozofia
|2 SNKPH
|9 793
|
| 650 |
0 |
7 |
|a dejiny
|2 SNKPH
|9 3825
|
| 650 |
0 |
7 |
|a teológia
|2 SNKPH
|9 1814
|
| 655 |
|
7 |
|a špecializované časopisy
|2 SNKPH
|9 70509
|
| 700 |
1 |
|
|a Nicolai, Friedrich,
|d 1733-1811
|4 pbl
|9 266822
|
| 752 |
|
|
|a Nemecko
|d Berlín
|
| 752 |
|
|
|a Poľsko
|d Štetín
|
| 852 |
|
|
|a snk
|b Zaiova knižnica: Zay 12183
|p ČC 4478/1771
|
| 852 |
|
|
|a snk
|b Zaiova knižnica: Zay 12197-12199
|p ČC 4478/1777
|
| 852 |
|
|
|a snk
|b Zaiova knižnica: Zay 12212-12217
|p ČC 4478/1780
|
| 852 |
|
|
|a snk
|b Zaiova knižnica: Zay 12237-12240
|p ČC 4478/1785
|
| 852 |
|
|
|a snk
|b Zaiova knižnica: Zay 12280-12285
|p ČC 4478/1791
|
| 958 |
|
|
|a DD
|
| 999 |
|
|
|c 2885
|d 4815
|
| 952 |
|
|
|t Zay 12280
|a SNK
|b SNK
|c SNK_HF
|y PREZ
|7 0
|p 17A1568215
|o snkČC 4478/1791/1
|i snk2025/12579
|8 5
|0 0
|1 0
|4 0
|d 2025-08-04
|l 0
|r 2026-02-21 22:34:20
|w 2026-02-21
|
| 952 |
|
|
|t Zay 12281
|a SNK
|b SNK
|c SNK_HF
|y PREZ
|7 0
|p 17A1568214
|o snkČC 4478/1791/1
|i snk2025/12580
|8 5
|0 0
|1 0
|4 0
|d 2025-08-04
|l 0
|r 2026-02-21 22:34:20
|w 2026-02-21
|
| 952 |
|
|
|t Zay 12282
|a SNK
|b SNK
|c SNK_HF
|y PREZ
|7 0
|p 17A1568213
|o snkČC 4478/1791/3
|i snk2025/12581
|8 5
|0 0
|1 0
|4 0
|d 2025-08-04
|l 0
|r 2026-02-21 22:34:20
|w 2026-02-21
|
| 952 |
|
|
|t Zay 12283
|a SNK
|b SNK
|c SNK_HF
|y PREZ
|7 0
|p 17A1568212
|o snkČC 4478/1791/4
|i snk2025/12598
|8 5
|0 0
|1 0
|4 0
|d 2025-08-04
|l 0
|r 2026-02-21 22:34:20
|w 2026-02-21
|
| 952 |
|
|
|t Zay 12285
|a SNK
|b SNK
|c SNK_HF
|y PREZ
|7 0
|p 17A1568211
|o snkČC 4478/1791/5
|i snk2025/12599
|8 5
|0 0
|1 0
|4 0
|d 2025-08-04
|l 0
|r 2026-02-21 22:34:20
|w 2026-02-21
|
| 952 |
|
|
|t Zay 12284
|a SNK
|b SNK
|c SNK_HF
|y PREZ
|7 0
|p 17A1568210
|o snkČC 4478/1791/6
|i snk2025/12600
|8 5
|0 0
|1 0
|4 0
|d 2025-08-04
|l 0
|r 2026-02-21 22:34:20
|w 2026-02-21
|
| 952 |
|
|
|t Zay 12183
|a SNK
|b SNK
|c SNK_HF
|y PREZ
|7 0
|p 17A1568281
|o snkČC 4478/1771
|i snk2025/12389
|8 5
|0 0
|1 0
|4 0
|d 2025-07-31
|l 0
|r 2026-02-21 22:34:21
|w 2026-02-21
|
| 952 |
|
|
|t Zay 12197
|a SNK
|b SNK
|c SNK_HF
|y PREZ
|7 0
|p 17A1568280
|o snkČC 4478/1777/1
|i snk2025/12390
|8 5
|0 0
|1 0
|4 0
|d 2025-07-31
|l 0
|r 2026-02-21 22:34:21
|w 2026-02-21
|
| 952 |
|
|
|t Zay 12198
|a SNK
|b SNK
|c SNK_HF
|y PREZ
|7 0
|p 17A1568279
|o snkČC 4478/1777/2
|i snk2025/12391
|8 5
|0 0
|1 0
|4 0
|d 2025-07-31
|l 0
|r 2026-02-21 22:34:21
|w 2026-02-21
|
| 952 |
|
|
|t Zay 12199
|a SNK
|b SNK
|c SNK_HF
|y PREZ
|7 0
|p 17A1568278
|o snkČC 4478/1777/3
|i snk2025/12392
|8 5
|0 0
|1 0
|4 0
|d 2025-07-31
|l 0
|r 2026-02-21 22:34:22
|w 2026-02-21
|
| 952 |
|
|
|t Zay 12212
|a SNK
|b SNK
|c SNK_HF
|y PREZ
|7 0
|p 17A1568277
|o snkČC 4478/1780/1
|i snk2025/12393
|8 5
|0 0
|1 0
|4 0
|d 2025-07-31
|l 0
|r 2026-02-21 22:34:22
|w 2026-02-21
|
| 952 |
|
|
|t Zay 12213
|a SNK
|b SNK
|c SNK_HF
|y PREZ
|7 0
|p 17A1568276
|o snkČC 4478/1780/2
|i snk2025/12394
|8 5
|0 0
|1 0
|4 0
|d 2025-07-31
|l 0
|r 2026-02-21 22:34:22
|w 2026-02-21
|
| 952 |
|
|
|t Zay 12214
|a SNK
|b SNK
|c SNK_HF
|y PREZ
|7 0
|p 17A1568275
|o snkČC 4478/1780/3
|i snk2025/12395
|8 5
|0 0
|1 0
|4 0
|d 2025-07-31
|l 0
|r 2026-02-21 22:34:22
|w 2026-02-21
|
| 952 |
|
|
|t Zay 12215
|a SNK
|b SNK
|c SNK_HF
|y PREZ
|7 0
|p 17A1568274
|o snkČC 4478/1780/4
|i snk2025/12396
|8 5
|0 0
|1 0
|4 0
|d 2025-07-31
|l 0
|r 2026-02-21 22:34:22
|w 2026-02-21
|
| 952 |
|
|
|t Zay 12216
|a SNK
|b SNK
|c SNK_HF
|y PREZ
|7 0
|p 17A1568273
|o snkČC 4478/1780/5
|i snk2025/12397
|8 5
|0 0
|1 0
|4 0
|d 2025-07-31
|l 0
|r 2026-02-21 22:34:22
|w 2026-02-21
|
| 952 |
|
|
|t Zay 12217
|a SNK
|b SNK
|c SNK_HF
|y PREZ
|7 0
|p 17A1568272
|o snkČC 4478/1780/6
|i snk2025/12398
|8 5
|0 0
|1 0
|4 0
|d 2025-07-31
|l 0
|r 2026-02-21 22:34:22
|w 2026-02-21
|
| 952 |
|
|
|t Zay 12237
|a SNK
|b SNK
|c SNK_HF
|y PREZ
|7 0
|p 17A1568271
|o snkČC 4478/1785/1
|i snk2025/12400
|8 5
|0 0
|1 0
|4 0
|d 2025-07-31
|l 0
|r 2026-02-21 22:34:22
|w 2026-02-21
|
| 952 |
|
|
|t Zay 12238
|a SNK
|b SNK
|c SNK_HF
|y PREZ
|7 0
|p 17A1568270
|o snkČC 4478/1785/2
|i snk2025/12402
|8 5
|0 0
|1 0
|4 0
|d 2025-07-31
|l 0
|r 2026-02-21 22:34:22
|w 2026-02-21
|
| 952 |
|
|
|t Zay 12239
|a SNK
|b SNK
|c SNK_HF
|y PREZ
|7 0
|p 17A1568269
|o snkČC 4478/1785/3
|i snk2025/12403
|8 5
|0 0
|1 0
|4 0
|d 2025-07-31
|l 0
|r 2026-02-21 22:34:22
|w 2026-02-21
|
| 952 |
|
|
|t Zay 12240
|a SNK
|b SNK
|c SNK_HF
|y PREZ
|7 0
|p 17A1568268
|o snkČC 4478/1785/4
|i snk2025/12404
|8 5
|0 0
|1 0
|4 0
|d 2025-07-31
|l 0
|r 2026-02-21 22:34:22
|w 2026-02-21
|